000 00751nam a2200241Ia 4500
003 OSt
005 20220928102204.0
006 a|||||r|||| 00| 0
007 ta
008 220927b |||||||| |||| 00| 0 eng d
024 _a27928
037 _cTextual
040 _aSDCL
_cSDCL
_beng
041 _2eng
_aeng
082 _aX9(D35):89K.2'N9, N2
100 _aIyengar A V K
_9397026
245 0 _aOptimal location of cement plants
_b Using mixed integer linear programming model
260 _aMadras
_bInstityte for Financial management and research
_c1992
300 _a146p
_ccm.
700 _a Mahajan B M
_9397027
942 _hX9(D35):89K.2'N9, N2
_cTEXL
_2CC
999 _c712797
_d712797